000
00244nam a2200109 a 4500
008
101208s1984|||| d
245
1
0
_a
Korint a Argolis
260
_b
Tatran
_a
Bratislava
_c
1984
020
_c
70
041
_a
slo
044
_a
xo
_c
SK
999
_c
14918
_d
14918